Statistics for French Words in English

Click here to take the quiz!

General Stats

  • This quiz has been taken 188 times
  • The average score is 10 of 15

Answer Stats

FrenchEnglish% Correct
Une chienDog
98%
L’eauWater
92%
AllerGo
88%
La piscinePool
86%
CombienHow
81%
ÉcrirWrite
81%
Un crayonPencil
80%
Des champignonsMushrooms
77%
SavoirKnow
70%
Des petit poisPeas
56%
LycéeHigh School
52%
JeterThrow
49%
Des épinardsSpinach
42%
Un collierNecklace
36%
Une feuilleFeather
4%

Score Distribution

Percentile by Number Answered

Percent of People with Each Score

Your Score History

You have not taken this quiz